Des Couples Célèbres - Statistiques

Statistiques générales
  • Ce quiz a été pris 390 fois
  • Le résultat moyen est 16 sur 20
Statistiques - réponses
Hint Réponse % Correct
Kate Middleton Prince William
94%
Angelina Jolie Brad Pitt
92%
David Beckham Victoria Beckham
92%
Beyoncé Jay-Z
88%
Vanessa Paradis Johnny Depp
88%
Marion Cotillard Guillaume Canet
87%
Kim Kardashian Kanye West
87%
Georgina Rodríguez Cristiano Ronaldo
85%
Gerard Piqué Shakira
83%
Françoise Hardy Jacques Dutronc
82%
Jamel Debouze Melissa Theriau
80%
Michel Berger France Gall
78%
Serge Gainsbourg Jane Birkin
77%
Vincent Cassel Monica Bellucci
77%
Jennifer Lopez Ben Affleck
71%
Demi Moore Bruce Willis
68%
Marcel Cerdan Edith Piaf
68%
Penélope Cruz Javier Bardem
62%
Seal Heidi Klum
55%
Sean Penn Madonna
53%
Aucun quiz correspondant
Distribution des résultats
% des personnes avec chaque résultat
Percentile par nombre de réponses
Votre historique - résultats
Vous n’avez pas pris ce quiz